| 000 | 00598nam a2200205Ia 4500 | ||
|---|---|---|---|
| 005 | 20250326144516.0 | ||
| 008 | 250326s9999 xx 000 0 und d | ||
| 020 | _a978-1-4221-0312-8 | ||
| 037 | _aTextbook | ||
| 040 |
_aFMSL _beng _cFMSL |
||
| 041 |
_aeng _2eng |
||
| 084 |
_aX:8 P7 _qFMSL |
||
| 100 | _aPfeffer Jeffrey | ||
| 245 | 0 |
_aWhat were they thinking ? : unconventional widom about management _cPfeffer Jeffrey |
|
| 260 |
_aBoston _bBoston, Harvard Business School _c2007 |
||
| 300 | _aviii,241 | ||
| 365 | _b1214.25 | ||
| 942 |
_cTB _hX:8 P7 |
||
| 999 |
_c1303975 _d1303975 |
||